| 000 | 00541nam a2200217Ia 4500 | ||
|---|---|---|---|
| 008 | 170918s9999 xx 000 0 und d | ||
| 020 | _a9780439860574 | ||
| 050 | _bJ528 2006 | ||
| 100 | _aJenkins, Steve | ||
| 245 | _aAlmost gone : | ||
| 245 | _bthe world's rarest animals / | ||
| 245 | _cby Steve Jenkins. | ||
| 260 | _aNew York : | ||
| 260 | _bScholastic, | ||
| 260 | _c2006 | ||
| 300 | _a33 pages : | ||
| 300 | _bcolored illustration ; | ||
| 300 | _c23 cm. | ||
| 440 | _aLet's-read-and-find-out science. | ||
| 500 | _a1020 | ||
| 999 |
_c342693 _d342693 |
||